ნორმალური ფორმატი
MARC ფორმატი
ჩანაწერი Geographic Name
ჩანაწერთა რაოდენობა, რომელიც გამოყენებულია: 1
001 - CONTROL NUMBER
- control field: 9496
003 - CONTROL NUMBER IDENTIFIER
- control field: GE_BSU
005 - DATE AND TIME OF LATEST TRANSACTION
- control field: 20200910134221.0
008 - FIXED-LENGTH DATA ELEMENTS
- fixed length control field: 200910|| aca||aabn | a|a d
040 ## - CATALOGING SOURCE
- Original cataloging agency: GE_BSU
- Transcribing agency: GE_BSU
151 ## - HEADING--GEOGRAPHIC NAME
- Geographic name: United States
- General subdivision: Commercial policy
- General subdivision: History.
670 ## - SOURCE DATA FOUND
- Source citation: Work cat.: (GE_BSU)0: Irwin, Douglas A., 1962- author. 9494, Clashing over commerce :
